Library Banner

Interpretation of statutes (Record no. 51620)

MARC details
000 -LEADER
fixed length control field 00417nam a2200169Ia 4500
001 - CONTROL NUMBER
control field 54212
008 - FIXED-LENGTH DATA ELEMENTS--GENERAL INFORMATION
fixed length control field 140505s9999 xx 000 0 und d
020 ## - INTERNATIONAL STANDARD BOOK NUMBER
International Standard Book Number NA
040 ## - CATALOGING SOURCE
Transcribing agency PK-LaUMT
082 ## - DEWEY DECIMAL CLASSIFICATION NUMBER
Classification number 348.5491022
Item number GAN-I
100 ## - MAIN ENTRY--PERSONAL NAME
Personal name Gandhi, B. M.
245 ## - TITLE STATEMENT
Title Interpretation of statutes
Statement of responsibility, etc Gandhi, B. M.
260 ## - PUBLICATION, DISTRIBUTION, ETC. (IMPRINT)
Place of publication, distribution, etc Lahore,Pakistan:
Name of publisher, distributor, etc Irfan Law Book House,
Date of publication, distribution, etc 2013
300 ## - PHYSICAL DESCRIPTION
Extent 211 p.
546 ## - LANGUAGE NOTE
Language note EN
942 ## - ADDED ENTRY ELEMENTS (KOHA)
Koha item type Books
Holdings
Withdrawn status Lost status Damaged status Not for loan Home library Current library Date acquired Total Checkouts Full call number Barcode Date last seen Date checked out Price effective from Koha item type
        UMT Main Campus UMT Main Campus 2014-05-05 2 348.5491022 GAN-I 64008 2026-04-22 2026-04-22 2014-05-08 Books